| 000 | 00659nam a2200193 4500 | ||
|---|---|---|---|
| 003 | AM-YEHGA | ||
| 005 | 20260309164113.0 | ||
| 008 | 260219s1922 ru ||||| |||| 00| 0 rus d | ||
| 040 | _aAM-YeHGA | ||
| 041 | 0 | _arus | |
| 100 | 1 | _aМуравьев-Апостол, Матвей Иванович | |
| 245 | 1 | 0 |
_aВоспоминания и письма / _cМуравьев-Апостол М. И.; Предисл. и примеч. С. Я. Штрайха. |
| 260 |
_aПетроград : _bБылое, _c1922. |
||
| 300 | _a96 с. | ||
| 650 | 1 | 4 | _aДекабристы |
| 700 | 1 |
_aШтрайх, С. А. _eпредисл. |
|
| 942 |
_2udc _cBK |
||
| 001 | 2050824 | ||
| 999 |
_c541654 _d541654 |
||